Theory and practice of filtration

Tallennettuna:
Bibliografiset tiedot
Päätekijät: Dickey, George D (Tekijä), Bryden, Charles L (Tekijä)
Aineistotyyppi: Kirja
Kieli:englanti
Julkaistu: Nueva York Reinhold 1946
Sarja:Modern Library of Chemical Engineering
Aiheet:
Tagit: Lisää tagi
Ei tageja, Lisää ensimmäinen tagi!

MARC

LEADER 00000nam a2200000 a 4500
001 UCU7066
003 CL-VaPUC
008 960628e19460000US |||||||||||||||||eng|d
082 0 4 |a 660.284  |b DIC  |2 21 
100 0 |a Dickey, George D  |e author  |9 365576 
700 0 |a Bryden, Charles L  |e author  |9 365577 
245 1 0 |a Theory and practice of filtration 
300 |a 346 p 
942 |c BK 
945 |d 19960628 00:00:00  |a cmena 
260 |a Nueva York  |b Reinhold  |c 1946 
650 0 |a Filtración  |9 323900 
650 0 |a Química analítica  |9 259648 
650 7 |a FILTROS DE FLUIDOS  |2 CL-VaPUC  |9 364989 
650 0 |a Tecnología química   |9 263002 
650 7 |a INGENIERIA QUIMICA  |2 CL-VaPUC  |9 8 
650 0 |a Tratamiento de residuos  |9 262890 
650 7 |a CENTRIFUGACION  |2 CL-VaPUC  |9 365578 
650 0 |a Biofísica  |9 271309 
583 |a last modification  |c 19960628 00:00:00  |k Rodrigo Vera 
490 0 |a Modern Library of Chemical Engineering 
999 |c 249775  |d 249773